[Event "IX Floripa Chess Open Fort Atacadista"]
[Site "Florianópolis - Santa Catari"]
[Date "2023.01.23"]
[Round "1.108"]
[White "Vieira, Luana Saddi"]
[Black "Cordero, Daniela"]
[Result "0-1"]
[WhiteElo "1400"]
[BlackElo "2027"]
[PlyCount "78"]
[EventDate "2023.01.23"]
[EventRounds "10"]
[EventCountry "BRA"]

1. e4 e6 2. d4 d5 3. e5 c5 4. c3 Nc6 5. Nf3 Nge7 6. Na3 cxd4 7. cxd4 Nf5 8. Bg5
Bb4+ 9. Bd2 Qa5 10. Nc2 Bxd2+ 11. Qxd2 Qxd2+ 12. Kxd2 f6 13. Bd3 Nfe7 14. Rhe1
O-O 15. exf6 gxf6 16. Rac1 Ng6 17. Ne3 Bd7 18. Bb5 Rab8 19. a3 a6 20. Ba4 b5
21. Bb3 Na5 22. Ba2 Nc4+ 23. Bxc4 bxc4 24. Rb1 Rb3 25. Nc2 Rfb8 26. Nb4 a5 27.
Na6 Rxb2+ 28. Rxb2 Rxb2+ 29. Kc3 Rb3+ 30. Kc2 e5 31. dxe5 Bf5+ 32. Kd2 c3+ 33.
Ke2 fxe5 34. Rc1 Nf4+ 35. Kd1 Nd3 36. Ra1 Nxf2+ 37. Ke2 Rb2+ 38. Kf1 Bd3+ 39.
Ke1 Re2+ 0-1

[Event "IX Floripa Chess Open Fort Atacadista"]
[Site "Florianópolis - Santa Catari"]
[Date "2023.01.23"]
[Round "1.109"]
[White "Raimundo, Airton Carlos Nunes"]
[Black "Da Costa, Michael David"]
[Result "1-0"]
[WhiteElo "2023"]
[BlackElo "1396"]
[PlyCount "139"]
[EventDate "2023.01.23"]
[EventRounds "10"]
[EventCountry "BRA"]

1. e4 c6 2. d4 d5 3. Nd2 dxe4 4. Nxe4 Nf6 5. Ng5 Bf5 6. Bc4 e6 7. Ne2 h6 8. Nf3
Bd6 9. O-O O-O 10. Ne5 Nbd7 11. Bf4 Qc7 12. Nxd7 Qxd7 13. Bxd6 Qxd6 14. Ng3 Bh7
15. Re1 Rfd8 16. c3 c5 17. dxc5 Qxc5 18. Qe2 Rd6 19. Rad1 Rad8 20. Rxd6 Qxd6
21. Bb3 Qc7 22. Rd1 Rd6 23. Nf1 Qd8 24. Ne3 Rxd1+ 25. Qxd1 Qxd1+ 26. Bxd1 Bd3
27. f3 Kf8 28. Kf2 Ke7 29. Bb3 Bb5 30. Nc4 Be8 31. Na5 b6 32. Nc4 Nd7 33. Ba4
f6 34. b4 Nb8 35. Bxe8 Kxe8 36. a4 Ke7 37. Ke3 e5 38. Ke4 Ke6 39. Ne3 g6 40. g4
Nc6 41. h4 Ne7 42. c4 f5+ 43. Kd3 Nc6 44. Nc2 Kd6 45. h5 gxh5 46. gxf5 h4 47.
Ke3 h3 48. Kf2 Nd4 49. Ne3 h5 50. Kg3 h2 51. Kxh2 Nxf3+ 52. Kg3 Nd4 53. Kh4 Nc6
54. Kxh5 Nxb4 55. Kg6 Nd3 56. f6 Nf4+ 57. Kf5 Nh5 58. Nd5 Nxf6 59. Kxf6 e4 60.
Ne3 Kc5 61. Ke5 Kb4 62. Kxe4 Kxa4 63. Kd5 Kb3 64. Kc6 Kb4 65. Kb7 Kc5 66. Ka6
Kc6 67. Nc2 Kc5 68. Na3 Kb4 69. Kxa7 b5 70. cxb5 1-0

[Event "IX Floripa Chess Open Fort Atacadista"]
[Site "Florianópolis - Santa Catari"]
[Date "2023.01.23"]
[Round "1.110"]
[White "Silva, Juliana Figueira Th"]
[Black "Lutz, Igor Oscar"]
[Result "0-1"]
[WhiteElo "1393"]
[BlackElo "2022"]
[PlyCount "94"]
[EventDate "2023.01.23"]
[EventRounds "10"]
[EventCountry "BRA"]

1. Nf3 d5 2. g3 c5 3. Bg2 Nc6 4. d3 e5 5. O-O Nf6 6. Nbd2 Be7 7. e4 Be6 8. Qe2
d4 9. Kh1 b5 10. Ng1 Nd7 11. f4 f6 12. Ngf3 Rc8 13. h3 Qc7 14. Nh4 Nb4 15. Ndf3
c4 16. a3 cxd3 17. cxd3 Qc2 18. Qxc2 Nxc2 19. Rb1 Ba2 20. Bd2 Bxb1 21. Rxb1 Ne3
22. Bxe3 dxe3 23. Nf5 e2 24. Nxg7+ Kf7 25. Nf5 exf4 26. gxf4 Nc5 27. N3d4 Nxd3
28. Nxe2 Rc2 29. Ned4 Rxb2 30. Rxb2 Nxb2 31. Nxb5 a6 32. Nc7 a5 33. e5 fxe5 34.
fxe5 Bxa3 35. e6+ Kf6 36. Be4 Rc8 37. Nb5 Bb4 38. Ne3 Rc1+ 39. Kg2 h5 40. Bd5
Nd3 41. Kf3 Ne5+ 42. Ke4 Bc5 43. Ng2 Rb1 44. Nd4 Rb4 45. Ke3 Rxd4 46. Be4 Nc4+
47. Kf3 Nd2+ 0-1

[Event "IX Floripa Chess Open Fort Atacadista"]
[Site "Florianópolis - Santa Catari"]
[Date "2023.01.23"]
[Round "1.111"]
[White "Ibanez, Marcelo"]
[Black "Deretti, Lucas Jurk"]
[Result "0-1"]
[WhiteElo "2014"]
[BlackElo "1392"]
[PlyCount "102"]
[EventDate "2023.01.23"]
[EventRounds "10"]
[EventCountry "BRA"]

1. e4 c5 2. Nf3 d6 3. Bc4 a6 4. d4 b5 5. Bd5 Ra7 6. dxc5 e6 7. Bb3 dxc5 8.
Qxd8+ Kxd8 9. c4 Nc6 10. O-O Nge7 11. Nc3 Nd4 12. Rd1 Nec6 13. cxb5 axb5 14.
Nxb5 Rd7 15. Nbxd4 Nxd4 16. Ne5 Ne2+ 17. Kh1 Rxd1+ 18. Bxd1 Nxc1 19. Rxc1 Rg8
20. Nxf7+ Ke8 21. Ne5 Bd6 22. Nc4 Be7 23. Bg4 Rf8 24. Kg1 Rf6 25. a4 Bb7 26.
Bf3 Rh6 27. a5 Ba6 28. e5 Rh4 29. Bc6+ Kd8 30. Nb6 Rb4 31. h3 Kc7 32. Bf3 Rxb2
33. Bg4 Ra2 34. Bxe6 Rxa5 35. Nd5+ Kd8 36. Rd1 Ke8 37. Bg8 h6 38. e6 Bb5 39.
Rb1 Kf8 40. Bf7 g5 41. Nc7 Bc6 42. h4 Bd6 43. hxg5 hxg5 44. f4 Bxc7 45. f5 Ke7
46. Bh5 Be4 47. Rd1 Bd6 48. Bg4 Ra6 49. Kf2 Kf6 50. Kg1 c4 51. Rd4 Bc5 0-1

[Event "IX Floripa Chess Open Fort Atacadista"]
[Site "Florianópolis - Santa Catari"]
[Date "2023.01.23"]
[Round "1.112"]
[White "Goncalves, Nata"]
[Black "Fossatti, Igor Anton"]
[Result "1-0"]
[WhiteElo "2013"]
[BlackElo "1391"]
[PlyCount "67"]
[EventDate "2023.01.23"]
[EventRounds "10"]
[EventCountry "BRA"]

1. d4 d5 2. c4 e6 3. Nf3 Nf6 4. Nc3 c6 5. e3 Be7 6. Bd3 O-O 7. O-O Nbd7 8. b3
Re8 9. Bb2 Qc7 10. Rc1 e5 11. cxd5 exd4 12. Nxd4 c5 13. Ndb5 Qb8 14. d6 Bf8 15.
Nc7 Bxd6 16. Nxe8 Nxe8 17. h3 b6 18. Be4 Bb7 19. Bxb7 Qxb7 20. Qd5 Qxd5 21.
Nxd5 f5 22. Rcd1 Rc8 23. Ne7+ Bxe7 24. Rxd7 Rc7 25. Rfd1 Rxd7 26. Rxd7 Kf7 27.
Rxa7 Nd6 28. Be5 Ke6 29. Bxg7 Ne4 30. Rb7 Bd8 31. Kf1 Nd6 32. Rb8 Bc7 33. Rh8
Kf7 34. Be5 1-0

[Event "IX Floripa Chess Open Fort Atacadista"]
[Site "Florianópolis - Santa Catari"]
[Date "2023.01.23"]
[Round "1.113"]
[White "Nagel, Yasmin Da Silva"]
[Black "De Siqueira, Luigy Lira"]
[Result "0-1"]
[WhiteElo "1386"]
[BlackElo "2011"]
[PlyCount "48"]
[EventDate "2023.01.23"]
[EventRounds "10"]
[EventCountry "BRA"]

1. e4 e5 2. Nf3 Nc6 3. Bc4 Bc5 4. c3 Nf6 5. d3 d6 6. h3 O-O 7. O-O h6 8. Nbd2
a5 9. a4 Be6 10. Bb3 Qd7 11. Re1 Bb6 12. Nf1 Ne7 13. Ng3 Ng6 14. d4 Rfe8 15. d5
Bxh3 16. gxh3 Qxh3 17. Nh1 Ng4 18. Be3 Bxe3 19. fxe3 Nh4 20. Nxh4 Qh2+ 21. Kf1
Qxh1+ 22. Ke2 Qh2+ 23. Kf3 Qh3+ 24. Ke2 Qxe3+ 0-1

[Event "IX Floripa Chess Open Fort Atacadista"]
[Site "Florianópolis - Santa Catari"]
[Date "2023.01.23"]
[Round "1.114"]
[White "Ferreira, Andrei Dias"]
[Black "Monteiro, Samuel Ramazzotte"]
[Result "1-0"]
[WhiteElo "2011"]
[BlackElo "1385"]
[PlyCount "39"]
[EventDate "2023.01.23"]
[EventRounds "10"]
[EventCountry "BRA"]

1. e4 c5 2. Nf3 Nc6 3. d4 cxd4 4. Nxd4 g6 5. c4 Nf6 6. Nc3 d6 7. Be3 Ng4 8.
Nxc6 bxc6 9. Bc1 Ba6 10. Qxg4 Bg7 11. Qd1 Qc7 12. Be2 Rb8 13. O-O O-O 14. Qc2
Qb6 15. Rb1 Qb4 16. a3 Qc5 17. b4 Qd4 18. Bb2 Bxc4 19. Na4 Bb3 20. Qxb3 1-0

[Event "IX Floripa Chess Open Fort Atacadista"]
[Site "Florianópolis - Santa Catari"]
[Date "2023.01.23"]
[Round "1.115"]
[White "Fanckin, Murilo"]
[Black "Urquiza, Marcello De Albuque"]
[Result "0-1"]
[WhiteElo "1384"]
[BlackElo "2007"]
[PlyCount "94"]
[EventDate "2023.01.23"]
[EventRounds "10"]
[EventCountry "BRA"]

1. d4 d5 2. c4 e6 3. Nc3 Nf6 4. e3 c6 5. Nf3 Bd6 6. Bd3 O-O 7. O-O Nbd7 8. b3
b6 9. Bb2 Bb7 10. Rc1 Rc8 11. Qe2 Qe7 12. cxd5 exd5 13. Rc2 Ne4 14. Rfc1 Rcd8
15. Nd2 f5 16. Nf3 Rde8 17. Nb1 Rf6 18. Nbd2 Re6 19. Rb1 f4 20. Re1 fxe3 21.
fxe3 Nxd2 22. Qxd2 Rxe3 23. Rcc1 Bf4 24. Qc3 Qd6 25. Qc2 Qh6 26. Qf2 Rxe1+ 27.
Rxe1 Be3 28. Rxe3 Qxe3 29. Qxe3 Rxe3 30. Bf5 Re2 31. Bc3 Nf8 32. Ne5 Rxa2 33.
Bb1 Ra3 34. Bc2 c5 35. Bb2 Ra2 36. Nd3 c4 37. bxc4 dxc4 38. Bb1 Ra5 39. Nb4 Rb5
40. Bc3 a5 41. Ba2 axb4 42. Bxc4+ Bd5 43. Bxb5 bxc3 44. Ba4 b5 45. Bc2 Ne6 46.
Kf2 Nxd4 47. Bb1 c2 0-1

[Event "IX Floripa Chess Open Fort Atacadista"]
[Site "Florianópolis - Santa Catari"]
[Date "2023.01.23"]
[Round "1.116"]
[White "Ramirez, Maria Eugenia"]
[Black "Mariani, Kim Paul"]
[Result "1-0"]
[WhiteElo "2007"]
[BlackElo "1382"]
[PlyCount "39"]
[EventDate "2023.01.23"]
[EventRounds "10"]
[EventCountry "BRA"]

1. c4 e6 2. e4 d5 3. exd5 exd5 4. d4 Nf6 5. Nf3 c6 6. Nc3 Bb4 7. Bd3 O-O 8. O-O
Bg4 9. Be3 Re8 10. Rb1 Re7 11. cxd5 Nxd5 12. Bxh7+ Kxh7 13. Ng5+ Kg8 14. Qxg4
Nf6 15. Qh4 Nbd7 16. Nce4 Qc7 17. Bf4 Qb6 18. Be5 Ree8 19. Nxf6+ gxf6 20. Qh7+
1-0

[Event "IX Floripa Chess Open Fort Atacadista"]
[Site "Florianópolis - Santa Catari"]
[Date "2023.01.23"]
[Round "1.117"]
[White "Spagnollo, Pedro Henrique"]
[Black "Mesquita, Guilherme"]
[Result "0-1"]
[WhiteElo "1379"]
[BlackElo "2007"]
[PlyCount "94"]
[EventDate "2023.01.23"]
[EventRounds "10"]
[EventCountry "BRA"]

1. e4 c5 2. Nf3 d6 3. c3 d5 4. e5 e6 5. d4 Nc6 6. Bd3 Qb6 7. O-O Bd7 8. Bc2 h6
9. dxc5 Bxc5 10. b4 Be7 11. a4 g5 12. a5 Qc7 13. Nd4 Qxe5 14. f4 Qg7 15. Ba4
Nf6 16. a6 b5 17. Nxb5 O-O 18. fxg5 hxg5 19. Be3 Ne4 20. Nd4 Rac8 21. Nxc6 Bxc6
22. Bxc6 Rxc6 23. b5 Bc5 24. Qd3 Bxe3+ 25. Qxe3 Rb6 26. Qd3 Rfb8 27. Ra5 Rc8
28. Ra3 Rc5 29. Rb3 Qe5 30. Qf3 Qc7 31. Qd3 Rc4 32. Qf3 Qe7 33. Na3 Nd2 34. Qe2
Qc5+ 35. Rf2 Nxb3 36. Nxc4 dxc4 37. Qh5 Qe7 38. Qg4 Rxb5 39. Qxc4 Qc5 40. Qd3
Qb6 41. g4 Nc5 42. Qf3 Qc7 43. Qe3 Nd7 44. Qf3 Nf8 45. Qf6 Ng6 46. c4 Rb1+ 47.
Kg2 Nh4+ 0-1

[Event "IX Floripa Chess Open Fort Atacadista"]
[Site "Florianópolis - Santa Catari"]
[Date "2023.01.23"]
[Round "1.118"]
[White "Segato, Pedro Henrique Pedr"]
[Black "Colombo, Pedro Henrique"]
[Result "1-0"]
[WhiteElo "1999"]
[BlackElo "1378"]
[PlyCount "57"]
[EventDate "2023.01.23"]
[EventRounds "10"]
[EventCountry "BRA"]

1. d4 Nf6 2. c4 d5 3. cxd5 Nxd5 4. e4 Nf6 5. Nc3 e6 6. Nf3 Be7 7. Bb5+ c6 8.
Bd3 O-O 9. O-O Nbd7 10. Qc2 h6 11. Rd1 Qc7 12. Qe2 Re8 13. e5 Nd5 14. Qe4 Nf8
15. Bd2 Bd7 16. Rac1 Rac8 17. a3 Qd8 18. Ne2 c5 19. Ng3 f5 20. Nxf5 exf5 21.
Qxd5+ Be6 22. Qxd8 Rexd8 23. Bc3 g6 24. Be2 Bd5 25. dxc5 Ne6 26. b4 Kf7 27.
Rxd5 Rxd5 28. Bc4 Rdd8 29. Nd4 1-0

[Event "IX Floripa Chess Open Fort Atacadista"]
[Site "Florianópolis - Santa Catari"]
[Date "2023.01.23"]
[Round "1.119"]
[White "Do Amaral E Silva, Larissa Blue"]
[Black "Lima, Vinicius Taishun"]
[Result "0-1"]
[WhiteElo "1378"]
[BlackElo "1997"]
[PlyCount "62"]
[EventDate "2023.01.23"]
[EventRounds "10"]
[EventCountry "BRA"]

1. e4 c5 2. Nc3 Nc6 3. Bc4 g6 4. f4 Bg7 5. Nf3 e6 6. d3 Nge7 7. O-O d5 8. Bb3
O-O 9. Qe1 Na5 10. Qh4 Nec6 11. Qh3 a6 12. f5 exf5 13. exf5 c4 14. dxc4 dxc4
15. Ba4 b5 16. Nxb5 axb5 17. Bxb5 Qb6+ 18. Kh1 Qxb5 19. Ng5 h6 20. Ne4 Bxf5 21.
Nd6 Bxh3 22. Nxb5 Bf5 23. c3 Nb3 24. Be3 Nxa1 25. Rxa1 Rfe8 26. Bf2 Re2 27. Nc7
Rd8 28. Bh4 Rdd2 29. Rg1 Be5 30. h3 Rxg2 31. Rxg2 Rxg2 0-1

[Event "IX Floripa Chess Open Fort Atacadista"]
[Site "Florianópolis - Santa Catari"]
[Date "2023.01.23"]
[Round "1.120"]
[White "Lima, Stefan Moisei Vieir"]
[Black "Da Luz, Fabio Rodolfo"]
[Result "1-0"]
[WhiteElo "1991"]
[BlackElo "1373"]
[PlyCount "61"]
[EventDate "2023.01.23"]
[EventRounds "10"]
[EventCountry "BRA"]

1. e4 e5 2. Nf3 Nc6 3. Bb5 a6 4. Ba4 b5 5. Bb3 Nf6 6. O-O Bc5 7. Qe2 Nd4 8.
Nxd4 Bxd4 9. c3 Bb6 10. d4 d6 11. Be3 O-O 12. dxe5 Bxe3 13. exf6 Bh6 14. fxg7
Bxg7 15. Nd2 Re8 16. f4 Bb7 17. Qh5 Rf8 18. Rae1 c5 19. Re3 Qb6 20. Rh3 h6 21.
Kh1 c4 22. Bc2 Rad8 23. Nf3 d5 24. e5 d4 25. cxd4 Rxd4 26. Nxd4 Qxd4 27. Qf5
Re8 28. Qh7+ Kf8 29. Rg3 Ke7 30. Qxg7 Kd8 31. Rd1 1-0

[Event "IX Floripa Chess Open Fort Atacadista"]
[Site "Florianópolis - Santa Catari"]
[Date "2023.01.23"]
[Round "1.121"]
[White "Abdalla, Umar Mohammad"]
[Black "Dauer, Andre Leonardo"]
[Result "0-1"]
[WhiteElo "1372"]
[BlackElo "1990"]
[PlyCount "56"]
[EventDate "2023.01.23"]
[EventRounds "10"]
[EventCountry "BRA"]

1. d4 e6 2. c4 d5 3. Nc3 c6 4. c5 b6 5. b4 a5 6. bxa5 bxc5 7. e3 cxd4 8. exd4
Qxa5 9. Bd2 Bb4 10. Qb3 Nd7 11. Nf3 Ngf6 12. Be2 Rb8 13. Qc2 Ba6 14. O-O Bxe2
15. Nxe2 Bxd2 16. Nxd2 Qa6 17. Nb3 O-O 18. Nf4 e5 19. dxe5 Nxe5 20. Nc5 Qa3 21.
Nfd3 Nxd3 22. Nxd3 Ne4 23. Rfb1 Nc3 24. Rb3 Rxb3 25. Qxb3 Ra8 26. Qc2 c5 27.
Ne5 f6 28. Nc6 Re8 0-1

[Event "IX Floripa Chess Open Fort Atacadista"]
[Site "Florianópolis - Santa Catari"]
[Date "2023.01.23"]
[Round "1.122"]
[White "Ccerhuayo Escobedo, Mels Leopold"]
[Black "Da Costa, Mariana Nara Santan"]
[Result "0-1"]
[WhiteElo "1988"]
[BlackElo "1369"]
[PlyCount "70"]
[EventDate "2023.01.23"]
[EventRounds "10"]
[EventCountry "BRA"]

1. e4 c6 2. d4 d5 3. Nc3 dxe4 4. Nxe4 Bf5 5. Ng3 Bg6 6. Nf3 e6 7. h4 Nf6 8. h5
Be4 9. Nxe4 Nxe4 10. Bd3 Nf6 11. Qe2 h6 12. Bd2 Qb6 13. O-O Bd6 14. c4 Qc7 15.
Ne5 Nbd7 16. Rae1 O-O 17. c5 Be7 18. Bf4 Qd8 19. Ng6 Re8 20. Ne5 Nxe5 21. Bxe5
Qd5 22. Bc4 Qd7 23. f4 Nd5 24. Qg4 f6 25. Bd3 fxe5 26. fxe5 Nb4 27. Bb1 Rad8
28. Qg6 Qxd4+ 29. Rf2 Nd3 30. Bxd3 Qxd3 31. Qf7+ Kh8 32. Rf3 Bxc5+ 33. Kh2 Qd2
34. Rg3 Re7 35. Qf1 Bf2 0-1

[Event "IX Floripa Chess Open Fort Atacadista"]
[Site "Florianópolis - Santa Catari"]
[Date "2023.01.23"]
[Round "1.123"]
[White "Ferreira De Souza, Ricardo"]
[Black "Mariani, Daniel Brandao"]
[Result "0-1"]
[WhiteElo "1365"]
[BlackElo "1987"]
[PlyCount "86"]
[EventDate "2023.01.23"]
[EventRounds "10"]
[EventCountry "BRA"]

1. e4 c5 2. Nf3 e6 3. d4 cxd4 4. Nxd4 Nf6 5. Bd3 Nc6 6. Be3 a6 7. c4 Bb4+ 8.
Nc3 d5 9. Nxc6 bxc6 10. exd5 exd5 11. cxd5 Nxd5 12. Bd2 O-O 13. O-O Nxc3 14.
Bxh7+ Kxh7 15. Qc2+ g6 16. Bxc3 Bf5 17. Qb3 Bxc3 18. Qxc3 Be4 19. Rad1 Qg5 20.
Qh3+ Kg7 21. Qc3+ Qf6 22. Qxf6+ Kxf6 23. Rd6+ Ke7 24. Rd4 Bd5 25. Re1+ Kd6 26.
g4 Rfe8 27. Re3 Rab8 28. b3 Rxe3 29. fxe3 Re8 30. Kf2 Re4 31. Rxe4 Bxe4 32. h4
a5 33. h5 gxh5 34. gxh5 Ke5 35. Kg3 c5 36. Kg4 Kf6 37. Kf4 Bb1 38. a3 Bc2 39.
e4 Bxb3 40. e5+ Ke6 41. Ke4 Bc2+ 42. Kf4 Bb1 43. h6 Bh7 0-1

[Event "IX Floripa Chess Open Fort Atacadista"]
[Site "Florianópolis - Santa Catari"]
[Date "2023.01.23"]
[Round "1.124"]
[White "Mendez Machado, Andre"]
[Black "Rodriguez, Emiliano"]
[Result "1-0"]
[WhiteElo "1986"]
[BlackElo "1364"]
[PlyCount "75"]
[EventDate "2023.01.23"]
[EventRounds "10"]
[EventCountry "BRA"]

1. e4 e5 2. Nf3 Nc6 3. Bc4 Bc5 4. c3 Nf6 5. d4 exd4 6. b4 Bb6 7. e5 d5 8. exf6
dxc4 9. Qe2+ Be6 10. b5 Na5 11. fxg7 Rg8 12. Nxd4 Bxd4 13. cxd4 Qxd4 14. Bb2
Qd3 15. Bf6 Kd7 16. Nc3 Qxe2+ 17. Nxe2 Rae8 18. O-O-O+ Kc8 19. Nf4 b6 20. Rhe1
Nb7 21. Nxe6 Rxe6 22. Rxe6 fxe6 23. Rd4 Nd6 24. Rh4 Ne8 25. Be5 Nxg7 26. Rg4
Kd7 27. Rxg7+ Rxg7 28. Bxg7 Kd6 29. h4 c6 30. bxc6 Kxc6 31. g4 Kd7 32. h5 Ke7
33. g5 Kf7 34. Bd4 Ke7 35. g6 h6 36. Bg7 b5 37. Bxh6 Kf6 38. Bg5+ 1-0

[Event "IX Floripa Chess Open Fort Atacadista"]
[Site "Florianópolis - Santa Catari"]
[Date "2023.01.23"]
[Round "1.125"]
[White "Grams, Leon Honke"]
[Black "Da Silva, Luiz Matheus"]
[Result "0-1"]
[WhiteElo "1361"]
[BlackElo "1986"]
[PlyCount "60"]
[EventDate "2023.01.23"]
[EventRounds "10"]
[EventCountry "BRA"]

1. d4 Nf6 2. c4 e6 3. Nc3 Bb4 4. Qc2 c5 5. e3 O-O 6. Nf3 Re8 7. a3 Bxc3+ 8.
bxc3 Nc6 9. Be2 d5 10. O-O h6 11. Rd1 Qa5 12. Bd3 dxc4 13. Bxc4 b5 14. Be2 Nd5
15. Bd2 c4 16. e4 Nb6 17. Be3 Na4 18. Rdc1 Ne7 19. d5 exd5 20. exd5 Bf5 21. Qd2
Be4 22. d6 Nd5 23. Bd4 Rad8 24. Ne5 Rxd6 25. Bxc4 Bxg2 26. Bxb5 Qxb5 27. Kxg2
Ndxc3 28. Re1 Qd5+ 29. Nf3 Rxe1 30. Rxe1 Rg6+ 0-1

[Event "IX Floripa Chess Open Fort Atacadista"]
[Site "Florianópolis - Santa Catari"]
[Date "2023.01.23"]
[Round "1.126"]
[White "Sergio, Claudio Santos"]
[Black "Fernandes, Beatriz"]
[Result "1-0"]
[WhiteElo "1981"]
[BlackElo "1359"]
[PlyCount "87"]
[EventDate "2023.01.23"]
[EventRounds "10"]
[EventCountry "BRA"]

1. d4 Nf6 2. f4 g6 3. e3 d5 4. Bd3 Bg7 5. Nf3 c5 6. c3 c4 7. Bc2 Bf5 8. Nbd2
Nbd7 9. O-O O-O 10. h3 b5 11. Ne5 Nxe5 12. fxe5 Ne4 13. Nxe4 Bxe4 14. Bxe4 dxe4
15. Qc2 Qd5 16. Rf4 f5 17. exf6 Rxf6 18. Qxe4 Qxe4 19. Rxe4 e6 20. Rf4 Raf8 21.
Bd2 Bh6 22. Rxf6 Rxf6 23. Rf1 Kf7 24. Rxf6+ Kxf6 25. Kf2 Ke7 26. Kf3 Kd6 27. g4
e5 28. Ke4 Bg7 29. Be1 exd4 30. cxd4 a6 31. Bc3 Bf6 32. Kf4 h6 33. Bb4+ Ke6 34.
Ke4 h5 35. d5+ Kd7 36. Bc3 Bxc3 37. bxc3 Kd6 38. Kd4 hxg4 39. hxg4 g5 40. e4
Ke7 41. e5 Kd7 42. Kc5 Ke7 43. a4 bxa4 44. Kb4 1-0

[Event "IX Floripa Chess Open Fort Atacadista"]
[Site "Florianópolis - Santa Catari"]
[Date "2023.01.23"]
[Round "1.127"]
[White "Oliveira, Isaac Rodrigues"]
[Black "Kim, Thiago"]
[Result "0-1"]
[WhiteElo "1356"]
[BlackElo "1980"]
[PlyCount "82"]
[EventDate "2023.01.23"]
[EventRounds "10"]
[EventCountry "BRA"]

1. e4 c5 2. Nf3 Nc6 3. d4 cxd4 4. Nxd4 e5 5. Nb5 d6 6. Be3 Nf6 7. N1c3 a6 8.
Na3 Be6 9. Nd5 Nxd5 10. exd5 Qa5+ 11. Bd2 Qxd5 12. f3 Be7 13. Bc4 Qd4 14. c3
Qh4+ 15. g3 Qh3 16. Qb3 b5 17. Bxe6 Qxe6 18. Qxe6 fxe6 19. O-O-O O-O-O 20. Rhe1
Rhf8 21. Rf1 d5 22. Nc2 h6 23. Rde1 g5 24. Nb4 Nxb4 25. cxb4 Bd6 26. h4 gxh4
27. Bxh6 hxg3 28. Bxf8 Rxf8 29. Kb1 Rf5 30. a3 Bc7 31. Rc1 Kd7 32. Rxc7+ Kxc7
33. Kc2 e4 34. Kd2 exf3 35. Rc1+ Kd7 36. Ke1 Re5+ 37. Kf1 Rh5 38. Kg1 g2 39.
Kf2 Rh1 40. Rg1 Rxg1 41. Kxg1 d4 0-1

[Event "IX Floripa Chess Open Fort Atacadista"]
[Site "Florianópolis - Santa Catari"]
[Date "2023.01.23"]
[Round "1.128"]
[White "Benitez, Andres"]
[Black "Spieker, Otavio Schmidt"]
[Result "0-1"]
[WhiteElo "1980"]
[BlackElo "1352"]
[PlyCount "50"]
[EventDate "2023.01.23"]
[EventRounds "10"]
[EventCountry "BRA"]

1. e4 e5 2. Nf3 Nc6 3. Bb5 d6 4. d4 exd4 5. Nxd4 Bd7 6. Nxc6 bxc6 7. Bd3 Nf6 8.
O-O Be7 9. Nc3 O-O 10. f4 Qb8 11. Kh1 Qb6 12. Qe1 Rae8 13. e5 Nd5 14. f5 dxe5
15. f6 Bxf6 16. Ne4 Bd8 17. Qg3 Re6 18. c4 Nb4 19. Be3 Qb8 20. Nc5 Rd6 21. Bh6
g6 22. Bxf8 Kxf8 23. Qxe5 f6 24. Nxd7+ Rxd7 25. Qe8+ Kxe8 0-1

[Event "IX Floripa Chess Open Fort Atacadista"]
[Site "Florianópolis - Santa Catari"]
[Date "2023.01.23"]
[Round "1.129"]
[White "Nascimento, Pedro Henrique Alve"]
[Black "Carvalho, Kayle Fabricio Amor"]
[Result "1-0"]
[WhiteElo "1978"]
[BlackElo "1347"]
[PlyCount "147"]
[EventDate "2023.01.23"]
[EventRounds "10"]
[EventCountry "BRA"]

1. d4 d5 2. c4 e6 3. Nc3 Nf6 4. cxd5 exd5 5. Bg5 Be7 6. e3 O-O 7. Bd3 h6 8. Bh4
c6 9. Qc2 Be6 10. Nge2 Nbd7 11. O-O Ng4 12. Bg3 Nb6 13. h3 Nf6 14. Rad1 Nc4 15.
b3 Nd6 16. f3 Qc8 17. e4 dxe4 18. fxe4 Nde8 19. Nf4 Nc7 20. Rc1 Ba3 21. Rcd1
Bb4 22. e5 Nfd5 23. Ncxd5 Nxd5 24. Nxd5 Bxd5 25. Bc4 Qe6 26. Bd3 Qe7 27. Qe2 c5
28. dxc5 Bxc5+ 29. Kh2 Be6 30. Bb1 Rad8 31. Qe4 g6 32. Bh4 Qc7 33. Rxd8 Rxd8
34. Bxd8 Qxd8 35. Rf6 Bf5 36. Qe1 Be7 37. Rxf5 gxf5 38. Bxf5 Bh4 39. Qe2 Qg5
40. Qg4 Qxg4 41. Bxg4 Be1 42. Kg1 Kg7 43. Kf1 Bc3 44. e6 fxe6 45. Bxe6 Kf6 46.
Bd5 b5 47. Ke2 Ke5 48. Bc6 b4 49. Kd3 Kd6 50. Bf3 Kc5 51. a3 Be1 52. a4 a5 53.
Ke4 Bd2 54. Ke5 Bc3+ 55. Kf5 Bd2 56. g4 Kd6 57. h4 Kc5 58. g5 Kd6 59. Kf6 hxg5
60. hxg5 Bc3+ 61. Kf7 Ke5 62. g6 Kf4 63. Bd5 Bh8 64. g7 Bxg7 65. Kxg7 Ke5 66.
Bc4 Kd6 67. Kf6 Kc5 68. Ke5 Kc6 69. Kd4 Kd6 70. Bb5 Kc7 71. Kc5 Kb7 72. Bc4 Ka7
73. Kb5 Kb7 74. Kxa5 1-0

[Event "IX Floripa Chess Open Fort Atacadista"]
[Site "Florianópolis - Santa Catari"]
[Date "2023.01.23"]
[Round "1.130"]
[White "Japiassu, Ricardo De Villa No"]
[Black "Mayeregger Gonzalez, Fiorella"]
[Result "1-0"]
[WhiteElo "1964"]
[BlackElo "1340"]
[PlyCount "54"]
[EventDate "2023.01.23"]
[EventRounds "10"]
[EventCountry "BRA"]

1. c4 e5 2. g3 Nc6 3. Bg2 f5 4. Nc3 Nf6 5. d3 Bc5 6. e3 O-O 7. Nge2 d6 8. O-O
Qe8 9. d4 exd4 10. exd4 Bb6 11. Nd5 Ne7 12. Nxb6 axb6 13. d5 b5 14. cxb5 Qxb5
15. Nc3 Qc4 16. Re1 Ng6 17. Be3 Ng4 18. Bd4 Qa6 19. Bf1 Qa5 20. b4 Qxb4 21. Rb1
Qa5 22. h3 N4e5 23. Rb5 Qa3 24. f4 Nf7 25. Rb3 Qa5 26. a4 c5 27. dxc6 bxc6 1-0

[Event "IX Floripa Chess Open Fort Atacadista"]
[Site "Florianópolis - Santa Catari"]
[Date "2023.01.23"]
[Round "1.131"]
[White "De Souza, Nicolas Gabriel"]
[Black "Custodio, Leandro"]
[Result "1/2-1/2"]
[WhiteElo "1326"]
[BlackElo "1964"]
[PlyCount "94"]
[EventDate "2023.01.23"]
[EventRounds "10"]
[EventCountry "BRA"]

1. e4 Nc6 2. d4 d5 3. e5 Bf5 4. h4 h5 5. Nf3 e6 6. Bd3 Bg4 7. c3 Be7 8. g3 Nh6
9. Nbd2 Nf5 10. Qc2 f6 11. exf6 gxf6 12. Nh2 Nh6 13. Nxg4 Nxg4 14. Nf1 f5 15.
Ne3 Nf6 16. Ng2 Ne4 17. Nf4 Kd7 18. Qe2 Qg8 19. Nxh5 Rxh5 20. Bxe4 Rh7 21. Bc2
Bd6 22. Bd2 b5 23. O-O-O Qb8 24. Rde1 Re7 25. Bg5 Re8 26. Qh5 Na5 27. Qf7+ Kc6
28. Rxe6 Rf8 29. Qg6 b4 30. Ba4+ Kb7 31. cxb4 Bxb4 32. Be7 Bxe7 33. Rxe7 Qd8
34. Rhe1 Rb8 35. Re8 Qf6 36. Rxb8+ Kxb8 37. Re8+ Kb7 38. Qxf6 Rxf6 39. b3 Kb6
40. Re5 c6 41. Kd2 Nb7 42. b4 Nd6 43. Bc2 Nc4+ 44. Kd3 Nxe5+ 45. dxe5 Rf8 46.
Kd4 Kb5 47. a3 f4 1/2-1/2

[Event "IX Floripa Chess Open Fort Atacadista"]
[Site "Florianópolis - Santa Catari"]
[Date "2023.01.23"]
[Round "1.132"]
[White "Dubrovich, Igor"]
[Black "Leacina, Gisele Santiago"]
[Result "1-0"]
[WhiteElo "1962"]
[BlackElo "1326"]
[PlyCount "65"]
[EventDate "2023.01.23"]
[EventRounds "10"]
[EventCountry "BRA"]

1. e4 e5 2. Nf3 Nc6 3. Bc4 Nf6 4. d3 Bc5 5. c3 d6 6. O-O h6 7. Nbd2 a6 8. Bb3
Ba7 9. Re1 O-O 10. h3 Be6 11. Bc2 Re8 12. Nf1 Qd7 13. Ng3 d5 14. exd5 Bxd5 15.
Nh4 Be6 16. Qf3 Qd5 17. Ne4 Nxe4 18. dxe4 Qd8 19. Nf5 Kh8 20. g4 Qf6 21. Qg3
Rad8 22. Kg2 Rd7 23. h4 Red8 24. g5 Qg6 25. h5 Qh7 26. g6 fxg6 27. hxg6 Qg8 28.
Rh1 Rd2 29. Bxd2 Rxd2 30. Qg5 Rxf2+ 31. Kg3 Qf8 32. Rxh6+ gxh6 33. g7+ 1-0